000
00314nam a22001337a 4500
008
181220b xxu||||| |||| 00| 0 eng d
020
_a
0822018071
041
_a
eng
080
_a
371
100
_a
46
101
_a
EDU
245
_a
Speech and Hearing Problems in the Classroom
_c
Phillips,P.P
942
_2
udc
_c
BK
999
_c
53542
_d
53542